000 00280nam a22001217a 4500
008 170302b xxu||||| |||| 00| 0 eng d
041 _aeng
080 _23 ED
_aSHM
100 _a6
101 _aSHM
245 _aVASCULAR AND INTERVENTIONAL RADIOLOGY
_cABRAMS,H.L
942 _2udc
_cBK
999 _c6631
_d6631